Visualizzazione normale
Vista MARC
- De Torres Ferrante Alvaro
di Personal Name
Records bibliografici associati: 1
001 - CONTROL NUMBER
- control field: 3426
003 - CONTROL NUMBER IDENTIFIER
- control field: IT-RoPau
005 - DATE AND TIME OF LATEST TRANSACTION
- control field: 20131125094818.0
008 - FIXED-LENGTH DATA ELEMENTS
- fixed length control field: 131125|| aca||aabn | a|a d
040 ## - CATALOGING SOURCE
- Original cataloging agency: IT-RoPau
- Transcribing agency: IT-RoPau
100 ## - HEADING--PERSONAL NAME
- Personal name: De Torres Ferrante Alvaro
- Dates associated with a name: Codice autore musica SPICS: 13636
- Relator term: Autore musica
- Name of part/section of a work: Casetta de Trastevere
670 ## - SOURCE DATA FOUND
- Source citation: Work cat.: (IT-RoPau)100078: AA.VV. 794, Roma (disco)